<?xml version="1.0" encoding="UTF-8"?>
<record
    xmlns:xsi="http://www.w3.org/2001/XMLSchema-instance"
    xsi:schemaLocation="http://www.loc.gov/MARC21/slim http://www.loc.gov/standards/marcxml/schema/MARC21slim.xsd"
    xmlns="http://www.loc.gov/MARC21/slim">

  <leader>02325nam a22001937a 4500</leader>
  <controlfield tag="005">20250926183259.0</controlfield>
  <controlfield tag="008">250926b        |||||||| |||| 00| 0 eng d</controlfield>
  <datafield tag="020" ind1=" " ind2=" ">
    <subfield code="a">9788198525482</subfield>
  </datafield>
  <datafield tag="040" ind1=" " ind2=" ">
    <subfield code="c">AL</subfield>
  </datafield>
  <datafield tag="041" ind1=" " ind2=" ">
    <subfield code="a">English </subfield>
  </datafield>
  <datafield tag="082" ind1=" " ind2=" ">
    <subfield code="a">370</subfield>
    <subfield code="b">DSAS</subfield>
  </datafield>
  <datafield tag="100" ind1=" " ind2=" ">
    <subfield code="a">Alwyn V Dsa ed</subfield>
    <subfield code="9">240714</subfield>
  </datafield>
  <datafield tag="245" ind1=" " ind2=" ">
    <subfield code="a">STRIDES</subfield>
    <subfield code="b">: A compendium of research articles in ethnic studies</subfield>
  </datafield>
  <datafield tag="260" ind1=" " ind2=" ">
    <subfield code="a">Mangaluru</subfield>
    <subfield code="b">St Aloysius Prakashana</subfield>
    <subfield code="c">2025</subfield>
  </datafield>
  <datafield tag="300" ind1=" " ind2=" ">
    <subfield code="a">376 p.</subfield>
    <subfield code="b">PB</subfield>
    <subfield code="c">21x14 cm.</subfield>
  </datafield>
  <datafield tag="520" ind1=" " ind2=" ">
    <subfield code="a">Tities of the Projects and names of Scholars:

1. A comparative Study of Konkani Marriage Folklore Literature among three Kankani Commuruties-GSB, Kudubi and Catholics
Dr Melwyn S. Pinto SJ
2. A Guide to Saraswat Konkani Temples and Mutts of Crustal Karnataka - Mr Vishal Nayak
3 "Community and Capital Contributions of Beary Mustina within Dakshina Kannada"
Dr Joyce Sabina Labo
4. "Investigating the Food Habits and Changing Trends of Magarera Community and ths Relevance to Health ung Machine Learning Modds
Dr S. Ruban
5. A Socio-Cultural Study of Beary Folk Narratives - Dr Sylvia Rego
6. Challenges of Integration among Indigenous Communities: A Critical Study of Koragas of Dakshina Kannada, Udupi and Kasargod Districts of Karnataka and Kerala
- Dr Roshan Monteiro &amp; Dr Gerald Elias D'Silva
7. Yakshagana as an Indigenous Theatre Form: A Critical Cultural Analysis - Dr Dinesh Nayak
8. "Bhootaradhane &amp; Nagaradhane as cultural practice of Tulunadu: A Socio cultural study"
Explanation in Hindi-Dr Sandhya U. Sirsikar
9. A study of Manglorean Catholic Konkani
folk traditions related to marriage in Hindi language -Ms Roicy Rekha Braggs
10. Contemporary Beary Folk Traditions: A Critical Study - Ms Flora Castelino
11. A Study on Cultural and Healthcare
Practices of Christian Communities in Dakshina Kannada District - Mr Reji P. Jane&#x200B;
12. Food culture of Tulunadu - A Folk Study - Dr Sudha Kumari
13. Studies on the Traditional worship practices of KORAGJJA SWAMI in undivided Dakshina Kannada and Kasaragod Districts
- Dr Narayana Moolya B.
14. Kannada Cultural Terms with their Synonymous Words and Explanation
in Hindi - Dr Mahabubali A. Nadaf</subfield>
  </datafield>
  <datafield tag="650" ind1=" " ind2=" ">
    <subfield code="a">outcome of research projects under UGC scheme for transdisciplinary research for Indias developing economy-STRIDE (COMPONENT 1)</subfield>
    <subfield code="9">240549</subfield>
  </datafield>
  <datafield tag="942" ind1=" " ind2=" ">
    <subfield code="2">ddc</subfield>
    <subfield code="c">DB</subfield>
  </datafield>
  <datafield tag="999" ind1=" " ind2=" ">
    <subfield code="c">240507</subfield>
    <subfield code="d">240507</subfield>
  </datafield>
  <datafield tag="952" ind1=" " ind2=" ">
    <subfield code="0">0</subfield>
    <subfield code="1">0</subfield>
    <subfield code="2">ddc</subfield>
    <subfield code="4">0</subfield>
    <subfield code="7">0</subfield>
    <subfield code="8">GEN</subfield>
    <subfield code="a">AL</subfield>
    <subfield code="b">AL</subfield>
    <subfield code="c">SK</subfield>
    <subfield code="d">2025-09-15</subfield>
    <subfield code="l">0</subfield>
    <subfield code="o">370 DSAS</subfield>
    <subfield code="p">D06361</subfield>
    <subfield code="r">2025-09-26 09:44:40</subfield>
    <subfield code="w">2025-09-26</subfield>
    <subfield code="y">DB</subfield>
    <subfield code="z">Donated by St Aloysius Prakashana</subfield>
  </datafield>
  <datafield tag="952" ind1=" " ind2=" ">
    <subfield code="0">0</subfield>
    <subfield code="1">0</subfield>
    <subfield code="2">ddc</subfield>
    <subfield code="4">0</subfield>
    <subfield code="7">0</subfield>
    <subfield code="8">GEN</subfield>
    <subfield code="a">AL</subfield>
    <subfield code="b">AL</subfield>
    <subfield code="c">SK</subfield>
    <subfield code="d">2025-09-15</subfield>
    <subfield code="l">0</subfield>
    <subfield code="o">370 DSAS</subfield>
    <subfield code="p">D06362</subfield>
    <subfield code="r">2025-09-26 09:44:40</subfield>
    <subfield code="w">2025-09-26</subfield>
    <subfield code="y">DB</subfield>
    <subfield code="z">Donated by St Aloysius Prakashana</subfield>
  </datafield>
  <datafield tag="952" ind1=" " ind2=" ">
    <subfield code="0">0</subfield>
    <subfield code="1">0</subfield>
    <subfield code="2">ddc</subfield>
    <subfield code="4">0</subfield>
    <subfield code="7">0</subfield>
    <subfield code="8">GEN</subfield>
    <subfield code="a">AL</subfield>
    <subfield code="b">AL</subfield>
    <subfield code="c">SK</subfield>
    <subfield code="d">2025-09-15</subfield>
    <subfield code="l">0</subfield>
    <subfield code="o">370 DSAS</subfield>
    <subfield code="p">D06363</subfield>
    <subfield code="r">2025-09-26 09:44:40</subfield>
    <subfield code="w">2025-09-26</subfield>
    <subfield code="y">DB</subfield>
    <subfield code="z">Donated by St Aloysius Prakashana</subfield>
  </datafield>
  <datafield tag="952" ind1=" " ind2=" ">
    <subfield code="0">0</subfield>
    <subfield code="1">0</subfield>
    <subfield code="2">ddc</subfield>
    <subfield code="4">0</subfield>
    <subfield code="7">0</subfield>
    <subfield code="8">GEN</subfield>
    <subfield code="a">AL</subfield>
    <subfield code="b">AL</subfield>
    <subfield code="c">SK</subfield>
    <subfield code="d">2025-09-15</subfield>
    <subfield code="l">0</subfield>
    <subfield code="o">370 DSAS</subfield>
    <subfield code="p">D06364</subfield>
    <subfield code="r">2025-09-26 09:44:40</subfield>
    <subfield code="w">2025-09-26</subfield>
    <subfield code="y">DB</subfield>
    <subfield code="z">Donated by St Aloysius Prakashana</subfield>
  </datafield>
  <datafield tag="952" ind1=" " ind2=" ">
    <subfield code="0">0</subfield>
    <subfield code="1">0</subfield>
    <subfield code="2">ddc</subfield>
    <subfield code="4">0</subfield>
    <subfield code="7">0</subfield>
    <subfield code="8">GEN</subfield>
    <subfield code="a">AL</subfield>
    <subfield code="b">AL</subfield>
    <subfield code="c">SK</subfield>
    <subfield code="d">2025-09-15</subfield>
    <subfield code="l">0</subfield>
    <subfield code="o">370 DSAS</subfield>
    <subfield code="p">D06365</subfield>
    <subfield code="r">2025-09-26 09:44:40</subfield>
    <subfield code="w">2025-09-26</subfield>
    <subfield code="y">DB</subfield>
    <subfield code="z">Donated by St Aloysius Prakashana</subfield>
  </datafield>
</record>
